The encyclopedia of operations management : (Record no. 18824)
[ view plain ]
| 000 -LEADER | |
|---|---|
| fixed length control field | 01044cam a2200265 a 4500 |
| 001 - CONTROL NUMBER | |
| control field | 16831713 |
| 005 - DATE AND TIME OF LATEST TRANSACTION | |
| control field | 20150105115857.0 |
| 008 - FIXED-LENGTH DATA ELEMENTS--GENERAL INFORMATION | |
| fixed length control field | 110617t2012 xxua frbf 000 0 eng d |
| 010 ## - LIBRARY OF CONGRESS CONTROL NUMBER | |
| LC control number | 2011025295 |
| 020 ## - INTERNATIONAL STANDARD BOOK NUMBER | |
| International Standard Book Number | 0132883708 (pbk. : alk. paper) |
| 020 ## - INTERNATIONAL STANDARD BOOK NUMBER | |
| International Standard Book Number | 9780132883702 (pbk. : alk. paper) |
| 040 ## - CATALOGING SOURCE | |
| Original cataloging agency | DLC |
| Transcribing agency | DLC |
| Modifying agency | DLC |
| -- | EG-ScBUE |
| 082 00 - DEWEY DECIMAL CLASSIFICATION NUMBER | |
| Classification number | 658.003 |
| Edition number | 22 |
| Item number | HIL |
| 100 1# - MAIN ENTRY--PERSONAL NAME | |
| Personal name | Hill, Arthur V. |
| 9 (RLIN) | 37046 |
| 245 14 - TITLE STATEMENT | |
| Title | The encyclopedia of operations management : |
| Remainder of title | a field manual and glossary of operations management terms and concepts / |
| Statement of responsibility, etc | Arthur V. Hill ; consulting editor Barry Render. |
| 260 ## - PUBLICATION, DISTRIBUTION, ETC. (IMPRINT) | |
| Place of publication, distribution, etc | Upper Saddle River, United States : |
| Name of publisher, distributor, etc | FT Press, |
| -- | Pearson Education, |
| Date of publication, distribution, etc | c.2012. |
| 300 ## - PHYSICAL DESCRIPTION | |
| Extent | 400 p. : |
| Other physical details | ill. ; |
| Dimensions | 28 cm. |
| 504 ## - BIBLIOGRAPHY, ETC. NOTE | |
| Bibliography, etc | bibliography : p. 394-400. |
| 650 #0 - SUBJECT ADDED ENTRY--TOPICAL TERM | |
| Topical term or geographic name as entry element | Business logistics |
| Form subdivision | Handbooks, manuals, etc. |
| 9 (RLIN) | 37047 |
| 650 #0 - SUBJECT ADDED ENTRY--TOPICAL TERM | |
| Topical term or geographic name as entry element | Production management |
| Form subdivision | Handbooks, manuals, etc. |
| 9 (RLIN) | 10053 |
| 653 ## - INDEX TERM--UNCONTROLLED | |
| Resource For college | BAEPS, Business Administration |
| Arrived date list | January2015 |
| 655 ## - INDEX TERM--GENRE/FORM | |
| Form subdivision | |
| -- | 34232 |
| 700 ## - ADDED ENTRY--PERSONAL NAME | |
| Personal name | Render, Barry |
| 9 (RLIN) | 4444 |
| Relator term | editor. |
| 942 ## - ADDED ENTRY ELEMENTS (KOHA) | |
| Source of classification or shelving scheme | Dewey Decimal Classification |
| Call number prefix | 658.003 HIL |
| Withdrawn status | Item status | Source of classification or shelving scheme | Damaged status | Not for loan | Vendor | Home library | Current library | Shelving location | Date acquired | Source of acquisition | Cost, normal purchase price | Serial Enumeration / chronology | Total Checkouts | Full call number | Barcode | Date last seen | Cost, replacement price | Koha item type |
|---|---|---|---|---|---|---|---|---|---|---|---|---|---|---|---|---|---|---|
| Dewey Decimal Classification | Baccah | Central Library | Central Library | Ground Floor | 05/01/2015 | 292.00 | 21291 | 658.003 HIL | 000037243 | 15/07/2025 | 365.00 | Reference (NB) |